000 00277nam a2200097Ia 4500
008 240331s9999 xx 000 0 und d
082 _bBUI
100 _aMayer, M. ed
245 0 _aBuilding local capacities for peace :
_brethinking conflict and development in Sri Lanka
942 _cL
999 _c1989
_d1989